Pięć największych miast według państwa #2 - Statystyki

Ogólne statystyki
  • Ten quiz został rozwiązany 34 razy
  • Średni wynik to 20 z 30
Statystyki odpowiedzi
Odpowiedź % Poprawnych
Londyn
100%
Moskwa
100%
Paryż
100%
Delhi
94%
Petersburg
94%
Marsylia
91%
Rio de Janeiro
91%
Lyon
88%
Brasilia
84%
Toronto
84%
Birmingham
81%
Liverpool
81%
Mumbaj
81%
São Paulo
81%
Vancouver
81%
Montreal
78%
Glasgow
63%
Kazań
63%
Nicea
63%
Leeds
56%
Tuluza
53%
Kolkata
50%
Nowosybirsk
41%
Ćennaj
38%
Edmonton
38%
Calgary
34%
Jekaterynburg
28%
Fortaleza
25%
Bengaluru
22%
Salvador
13%
Nie znaleziono quizów pasujących do podanych kryteriów
Rozkład punktacji
Procent ludzi z każdym wynikiem
Percentyl według liczby udzielonych odpowiedzi
Twoja historia wyników
Nie rozwiązałeś tego quizu